| 000 | 00526nam a2200205Ia 4500 | ||
|---|---|---|---|
| 003 | 0100 | ||
| 008 | 130227s9999 xx 000 0 und d | ||
| 040 | _cARRUPELIB | ||
| 050 | _aBF721.P473 1963 | ||
| 100 | _aPiaget, Jean | ||
| 245 | _athe origins of intelligence in children | ||
| 260 | _aNew York | ||
| 260 | _bW. W. Norton and Company | ||
| 260 | _C1963 | ||
| 300 | _a419p. | ||
| 300 | _b 21cm. | ||
| 650 | _bPsychoanalysis, taboo, totemism, moses, psychology | ||
| 700 | _aCook, Margaret tr. | ||
| 942 |
_2lcc _01 |
||
| 999 |
_c4739 _d4739 |
||